Top 10 Blackburn Rovers Premier League Scorers - Statistics

General Stats
  • This quiz has been taken 121 times
  • The average score is 5 of 11
Answer Stats
Player Goals % Correct
Alan Shearer 112
100%
Chris Sutton 47
79%
Andy Cole 31
52%
Morten Gamst Pedersen 34
43%
Roque Santa Cruz 23
42%
Benni McCarthy 37
40%
David Dunn 31
36%
Tim Sherwood 23
36%
Kevin Gallacher 52
23%
Jason Roberts 24
20%
Jason Wilcox 27
19%
No matching quizzes found
Score Distribution
Percent of People with Each Score
Percentile by Number Answered
Your Score History
You have not taken this quiz